Heft 72-82; Architektonisches skizzen-buch

Библиографические подробности
Источник:Architektonisches skizzen-buch: eine sammlung. Heft 72-82.— , 1859-1886
Язык:немецкий
Опубликовано: 1865-1866
Формат: Книга
Запись в KOHA:https://koha.lib.tpu.ru/cgi-bin/koha/opac-detail.pl?biblionumber=549327

MARC

LEADER 00000nam2a2200000 4500
001 549327
005 20231101120528.0
035 |a (RuTPU)RU\TPU\prd\242573 
035 |a RU\TPU\prd\242570 
090 |a 549327 
100 |a 20151008d1865 k y0gery50 ba 
101 0 |a ger 
102 |a DE 
200 0 |a Heft 72-82 
210 |d 1865-1866 
461 1 |0 (RuTPU)RU\TPU\prd\305  |t Architektonisches skizzen-buch  |o eine sammlung  |v Heft 72-82  |d 1859-1886 
801 0 |a RU  |b 63413507  |c 20010227  |g PSBO 
801 1 |a RU  |b 63413507  |c 20151008 
801 2 |a RU  |b 63413507  |c 20151008  |g RCR 
942 |c BK 
999 |a НТБ_ТПУ  |b НФ  |e -4/20150112  |p П-192  |u 0,00  |v 1